ბათუმის შოთა რუსთაველის სახელმწიფო უნივერსიტეტის ბიბლიოთეკა

აკადემიური წერა : (ბიბ.ჩანაწერი № 49622)

000 -ლიდერი
ფიქსირებული სიგრძის საკონტროლო ველი 01269nam a2200277Ia 4500
001 - საკონტროლო ნომერი
საკონტროლო ველი 16554
003 - საკონტროლო ნომრის იდენტიფიკატორი
საკონტროლო ველი GE_BSU
005 - ბოლო ოპერაციის თარიღი და დრო
საკონტროლო ველი 20200228164113.0
008 - ფიქსირებული სიგრძის მონაცემთა ელემენტები - ზოგადი ინფორმაცია
ფიქსირებული სიგრძის საკონტროლო ველი 181216s2014ge xx |||||||||||||| ||geo||
020 ## - წიგნის საერთაშორისო სტანდარტული ნომერი
International Standard Book Number 978-9941-9275-9-1
040 ## - კატალოგიზაციის წყარო
Transcribing agency GE_BSU
041 ## - ენის კოდი
Language code of text/sound track or separate title geo
080 ## - უნივერსალური ათობითი კლასიფიკაციის ინდექსი
Universal Decimal Classification number 003.074+37.016:811.353.1 ა-40
245 ## - ცნობა სათაურის შესახებ
Title აკადემიური წერა :
Remainder of title სახელმძღვანელო /
Statement of responsibility, etc მაია კიკვაძე ; ნანა ცეცხლაძე ; ნათელა ფარტენაძე ; [და სხვ ] ; რედ. მამია ფაღავა.
250 ## - გამოცემის ცნობა
Edition statement მე-4 გადამუშავებული გამოცემა
264 ## - წარმოების, გამოცემის, დისტრიბუციის და სხვა ცნობები
გამოცემის, წარმოების, დისტრიბუციის... ადგილი თბილისი :
გამოცემის, წარმოების, დისტრიბუციის... სახელწოდება ივერიონი,
გამოცემის, წარმოების, დისტრიბუციის... თარიღი 2014.
300 ## - ფიზიკური აღწერა
Extent 168 გვ. ;
Dimensions 29 სმ.
504 ## - BIBLIOGRAPHY, ETC. NOTE
Bibliography, etc ბიბლიოგრ.: გვ. 165
653 ## - INDEX TERM--UNCONTROLLED
Uncontrolled term აკადემიური წერა
700 ## - ADDED ENTRY--PERSONAL NAME
Personal name კიკვაძე, მაია
9 (RLIN) 2148
700 ## - ADDED ENTRY--PERSONAL NAME
Personal name ცეცხლაძე, ნანა
9 (RLIN) 4739
700 ## - ADDED ENTRY--PERSONAL NAME
Personal name ფარტენაძე, ნათელა
9 (RLIN) 4740
700 ## - ADDED ENTRY--PERSONAL NAME
Personal name ფაღავა, მამია
Relator term რედქატორი
9 (RLIN) 7654
942 ## - ADDED ENTRY ELEMENTS (KOHA)
Koha item type წიგნი
Source of classification or shelving scheme
ეგზემპლარები
ჩამოწერის სტატუსი დაკარგული ეგზემპლარის სტატუსი კლასიფიკაციის წყარო ან თაროზე გაწყობის სქემა დაზიანების სტატუსი არ გაიცემა მუდმივი მდებარეობა (დაცვის ადგილი) ამჟამინდელი ადგილსამყოფელი თაროზე განთავსების ადგილი შეძენის თარიღი სრული შენახვის შიფრი შტრიხკოდი ბოლო ოპერაციის თარიღი ეგზემპლარის მიმდევრობითი ნომერი (კეტერი?) ფასის ძალაში შესვლის თარიღი ეგზემპლარის სახეობა
          ბათუმის შოთა რუსთაველის სახელმწიფო უნივერსიტეტის მთავარი ბიბლიოთეკა ბათუმის შოთა რუსთაველის სახელმწიფო უნივერსიტეტის მთავარი ბიბლიოთეკა წიგნსაცავი 2018-12-17 003.074+37.016:811.353.1 ა-40 27622 2018-12-17 27622 2018-12-17 წიგნი
          ბათუმის შოთა რუსთაველის სახელმწიფო უნივერსიტეტის მთავარი ბიბლიოთეკა ტექნოლოგიური ფაკულტეტის ბიბლიოთეკა წიგნსაცავი 2018-12-17 003.074+37.016:811.353.1 ა-40 45885 2018-12-17 45885 2018-12-17 წიგნი